Danse avec les Stars - Partenaires de Candice Pascale - Statistiques

Statistiques générales
  • Ce quiz a été pris 69 fois
  • Le résultat moyen est 9 sur 14
Statistiques - réponses
Saisons Professions Célébrités % Correct
Saison 14 Fotballeur Franck Lebœuf
92%
Saison 12 Aventurière Koh-Lanta Clémence Castel
80%
Saison 8 Acteur Agustín Galiana
76%
Saison 9 Rugbyman Vincent Moscato
68%
Saison 13 Acteur James Denton
66%
Saison 2 Patineur artistique Philippe Candeloro
66%
Saison 11 Humoriste Gérémy Crédeville
62%
Saison 6 Chanteur Olivier Dion
62%
Saison 1 Musicien André Manoukian
56%
Saison 7 Chanteur Florent Mothe
52%
Saison 10 Mannequin Hugo Philip
50%
Saison 3 Rugbyman Christophe Dominici
44%
Saison 4 Chanteur Damien Sargue
44%
Saison 5 Chanteur Corneille
40%
Aucun quiz correspondant
Distribution des résultats
% des personnes avec chaque résultat
Percentile par nombre de réponses
Votre historique - résultats
Vous n’avez pas pris ce quiz